00461nam a2200181 a 4500001001300000003000900013005001700022008004100039020001000080082001800090100002100108245002800129260004000157300000900197500003500206650001700241700002100258nice12345678IN_TiNIC20260116011414.0070726s1993 chea grp 000 0 eng  ac10000a294.3927bNUK aNukariya, Kaiten aReligion of the Samurai aChennai bLilly Soosai Opset c1993 a253p aincludes index and biblioraphy aBuddhism-Zen1 aNukariya, Kaiten